The regulation of assisted reproductive technologies in Europe (Record no. 36239)

MARC details
000 -LEADER
fixed length control field 00670nam a2200181Ia 4500
020 ## - INTERNATIONAL STANDARD BOOK NUMBER
ISBN 9781032262598
050 ## - CALL MARK
Classification number RK 139.5 .A86 .R44/
100 ## - STATEMENT OF RESPONSIBILITY--MAIN AUTHOR NAME
Personal name Edited by Erich Griessler et.al.
245 #4 - TITLE STATEMENT
Title The regulation of assisted reproductive technologies in Europe
260 ## - PUBLICATION, DISTRIBUTION, ETC. (IMPRINT)
Place of publication London
260 ## - PUBLICATION, DISTRIBUTION, ETC. (IMPRINT)
Name of publisher Routledge
260 ## - PUBLICATION, DISTRIBUTION, ETC. (IMPRINT)
Year of publication 2024
300 ## - PHYSICAL DESCRIPTION
Number of Pages 224 p
650 ## - SUBJECT ADDED ENTRY--TOPICAL TERM
Topical Term Assisted reproductive technology Reproductive medicine Fertility preservation In vitro fertilization Medical law Regulation of medical technologies Public health law Ethics of reproduction Europe—Social policy
942 ## - ADDED ENTRY ELEMENTS (KOHA)
Koha item type Books
Holdings
Withdrawn status Lost status Source of classification or shelving scheme Damaged status Not for loan Permanent Location Current Location Shelving location Date acquired Accession Number Price effective from Koha item type
    Library of Congress Classification     NILE UNIVERSITY OF NIGERIA - MAIN LIBRARY NILE UNIVERSITY OF NIGERIA - MAIN LIBRARY Items on shelf 04/23/2025 0197761 04/23/2025 Books